00906nam a22002657a 45000010005000000030009000050050017000140070005000310080032000360200015000680400025000830820028001082450072001362600042002083000027002504900024002775900026003016500038003276500036003657000036004019100041004379420012004789520135004909990015006250161DO-SdBPM20250521094148.00161151005b1996 sp a 00| 0 spa d a8440219784 aDO-SdBPMbspacBPMSU 4a 808.83bB638s 199622200aBlancanieves y los siete enanitos /ccoordinación M. Luz Martín aBarcelona :bEdiciones Orbis, c1996. a26 p. :bil. ;c27 cm.0 aCuentos universales aInventariado, 2025/VM 4aCuentos infantiles vColecciones  4aPrincesas vcuentos infantiles 1 aMartín, M. Luzecoordinadora  a VMateo V. Control de calidad. BPMSU 2ddccBK 00102ddc40708CI-GaBPMETbBPMETd2015-11-30e FUNDIl0oBPMSU CGI 808.83 B638s 1996pBPMSU15110547r2015-11-30w2015-11-30yBK c8962d8962